Διοίκηση ποιότητας και περιβαλλοντική ευθύνη στις ελληνικές ναυτιλιακές επιχειρήσεις : διπλωματική εργασία

Αποθηκεύτηκε σε:
Λεπτομέρειες βιβλιογραφικής εγγραφής
Κύριος συγγραφέας: Καζά, Βαρβάρα
Συγγραφή απο Οργανισμό/Αρχή: Πανεπιστήμιο Αιγαίου Σχολή Επιστημών της Διοίκησης Τμήμα Ναυτιλίας και Επιχειρηματικών Υπηρεσιών Πρόγραμμα Μεταπτυχιακών Σπουδών "Ναυτιλία, Μεταφορές και Διεθνές Εμπόριο - ΝΑ.Μ.Ε."
Άλλοι συγγραφείς: Θεοτοκάς, Γιάννης, 1965- (Εισηγητής διατριβής)
Μορφή: Thesis Βιβλίο
Γλώσσα:Greek
Δημοσίευση: 2005
Θέματα:
Διαθέσιμο Online:http://hdl.handle.net/11610/12971
Ετικέτες: Προσθήκη ετικέτας
Δεν υπάρχουν, Καταχωρήστε ετικέτα πρώτοι!

MARC

LEADER 00000cam a2200000 i 4500
001 1/24649
008 060217s2005 gre d
035 |l 10082719 
040 |a GR-MY-UA  |b gre  |e aacr 
041 0 |a gre 
082 0 |a 658.562  |2 (22) 
100 1 |a Καζά, Βαρβάρα. 
245 1 0 |a Διοίκηση ποιότητας και περιβαλλοντική ευθύνη στις ελληνικές ναυτιλιακές επιχειρήσεις :  |b διπλωματική εργασία /  |c Καζά Βαρβάρα ; επιβλέπων Ιωάννης Θεοτοκάς 
260 |c 2005 
300 |a 133 σ.;  |b διαγρ., πίν.;  |c 30 εκ. 
502 |a Διατριβή (μεταπτυχιακή) – Πανεπιστήμιο Αιγαίου, Χίος, 2005. 
504 |a Περιλαμβάνει βιβλιογραφία 
610 2 0 |a Πανεπιστήμιο Αιγαίου. 
650 0 0 |a Shipping  |x Quality control. 
650 0 0 |a ISO 9000 Series Standards. 
650 0 0 |a ISO 14001 Standard. 
650 0 0 |a Dissertations, Academic  |z Greece. 
700 1 |a Θεοτοκάς, Γιάννης,   |d 1965-  |4 ths 
710 1 |a Πανεπιστήμιο Αιγαίου  |b Σχολή Επιστημών της Διοίκησης  |b Τμήμα Ναυτιλίας και Επιχειρηματικών Υπηρεσιών  |b Πρόγραμμα Μεταπτυχιακών Σπουδών "Ναυτιλία, Μεταφορές και Διεθνές Εμπόριο - ΝΑ.Μ.Ε.". 
852 |a INST  |b CHIOS  |c DIATR  |e 20060217  |h 658.562 KAZ  |p 005200024370  |q 005200024370  |t MTXE  |y 23 
852 |a INST  |b CHIOS  |c DIATR  |e 20060217  |h 658.562 KAZ  |p 005200026499  |q 005200026499  |t MTXE  |y 23 
856 |u http://hdl.handle.net/11610/12971 
901 |a BIBL2-2006-1 
909 |a Χ  |b 119869 
909 |a Χ  |b 119868 
924 |a ΚΑΖΑ  |b ΒΑΡΒΑΡΑ  |y ΧΙΟΣ  |z 2005-10 
970 |a ΒΑΣΙΛΑΚΗ  |b ΝΙΚΗ  |z 2006/02/17